| 000 | 00000nam##2200000za#4500 |
| 001 | 9.612872 |
| 003 | CaOODSP |
| 005 | 20200327125700 |
| 007 | ta |
| 008 | 150406|1995||||xxc||||| f|0| 0 eng|d |
| 020 | |a0-662-24181-9 |
| 040 | |aCaOODSP|beng |
| 043 | |an-cn--- |
| 086 | 1 |aLU2-153/205-1995E |
| 110 | 1 |aCanada.|bHuman Resources Development Canada. |bUnemployment Insurance. |
| 245 | 10|aEmployment patterns and Unemployment Insurance|cby L. N. Christofides and C. J. McKenna. |
| 260 | |aOttawa - Ontario : |bHuman Resources Development Canada. |c1995. |
| 300 | |a111p. : |bgraphs, references, tables ; |c30 cm. |
| 490 | 1 |aUnemployment Insurance evaluation series |
| 500 | |a"The present study explores the patterns of job duration across the provinces and over the time span covered by the LMAS surveys. It examines the type of job spells captured by the surveys, the duration of new jobs as well as that of the resulting stock of jobs and the association of duration with a variety of personal and job characteristics. The present study also explores possible connections between job duration and the regulatory framework in the context of which labour market outcomes emerge."--Introduction. |
| 520 | 3 |aThe present study explores the patterns of job duration across the provinces and over the time span covered by the LMAS surveys. It examines the type of job spells captured by the surveys, the duration of new jobs as well as that of the resulting stock of jobs and the association of duration with a variety of personal and job characteristics. The present study also explores possible connections between job duration and the regulatory framework in the context of which labour market outcomes emerge.--Introduction |
| 563 | |aSoftcover |
| 590 | |a96-06|b1996-02-09 |
| 690 | 07|aEmployment insurance|2gcpds |
| 720 | 1 |aChristofides, L. N. |
| 720 | 1 |aMcKenna, C. J. |
| 776 | 0#|tEmployment patterns and unemployment insurance / |w(CaOODSP)9.578716 |
| 830 | #0|aUnemployment insurance evaluation series.|w(CaOODSP)9.514754 |
| 986 | |aIN-AH-205E-05-95 |